| 000 | 01149nam a2200265 i 4500 | ||
|---|---|---|---|
| 001 | bg | ||
| 245 | 0 | 0 |
_aKulturowe i ekonomiczne aspekty procesów transformacji w Europie Środkowo-Wschodniej / _cpod red. Zofii Tomczonek, Tadeusza W. Popławskiego. |
| 260 |
_aBiałystok : _bWydawnictwo Politechniki Białostockiej, _c2005. |
||
| 300 |
_a218 s. ; _c24 cm. |
||
| 490 | 1 |
_aRozprawy Naukowe / Politechnika Białostocka, _x0867-096X ; _vnr 126 |
|
| 500 | _aTekst. częś. ros. - Streszcz. ang. przy pracach. | ||
| 504 | _aBibliogr. przy pracach. | ||
| 650 | 9 |
_aTransformacja systemu społeczno-gospodarczego _zEuropa Środkowo-Wschodnia |
|
| 651 | 9 |
_aEuropa Środkowo-Wschodnia _xgospodarka _yod 1989 r. |
|
| 651 | 9 |
_aEuropa Środkowo-Wschodnia _xsocjologia _yod 1989 r. |
|
| 651 | 9 |
_aEuropa Środkowo-Wschodnia _xkultura _yod 1989 r. |
|
| 700 | 1 |
_aTOMCZONEK, Zofia. _eRed. |
|
| 700 | 1 |
_aPOPŁAWSKI, Tadeusz W. _eRed. |
|
| 830 | 0 |
_aRozprawy Naukowe (Politechnika Białostocka) ; _vnr 126 |
|
| 040 | _cBPK | ||
| 041 | w | _apolrus | |
| 080 | _a338.2:316.422:316.7](4-191.2-11)"1989/..." | ||
| 942 | _cKS | ||
| 008 | s pl f |000 0 pol | ||
| 999 |
_c52694 _d52694 |
||
| 856 |
_uhttp://koha.tu.koszalin.pl/cgi-bin/koha/opac-detail.pl?biblionumber=52694 _yKatalog online BPK |
||